00547nam a2200181Ia 4500008004100000020001800041082000800059100003100067245007000098250000600168260003300174300001000207500002400217650001000241942000700251952009000258999001700348230524s9999 xx 000 0 und d a9788126557493 bBER aLeonhard E. Bernold942879 0a"Construction Equipment And Methods : Planning,Innovation,Safety" a1 aNew DelhibWiley Indiac2015 a589p; aQuantity Number: 1 aCivil cBK 00104070aTATCLbTATCLcGENd2023-05-24l0o BERp54143r2023-05-24w2023-05-24yBK c57851d57851